Szczegóły MARC21

Lista ofiar : grudzień 1970 r. w Szczecinie /

003 -Nazwa inst., której nr kontr. jest w polu 001 [,]
    • @
    • Nazwa instytucji, której n kontrolny jest w polu 001
    • NUKAT
005 -DATA I CZAS OSTATNIEJ MODYFIKACJI [,]
    • @
    • pole kontrolne
    • 20241231100349.0
020 -Międzynarod. znormalizowany nr książki - ISBN [ , ]
    • a
    • Numer ISBN
    • 9788361336525 Find
040 -Instytucja sporządzająca opis [ , ]
    • a
    • Instytucja, która sporządziła opis (NP)
    • SZCZ M/HS
    • c
    • Instytucja, która sporządziła rekord (NP)
    • SZCZ M/HS
    • d
    • Instytucja, która zmodyfikowała rekord (P)
    • GD PAN/JMSs
942 -Rodzaj dokumentu [ , ]
    • c
    • Rodzaj dokumentu
    • Książka
100 -Hasło główne - nazwa osobowa [1, ]
    • a
    • Nazwa osobowa (NP)
    • Strokowski, Aleksander
    • d
    • Daty biograficzne (NP)
    • (1936- ).
    • 9
    • KHW
    • 43829
245 -Strefa tytułu i oznaczenia odpowiedzialności [1,0]
    • a
    • Tytuł
    • Lista ofiar : Find
    • b
    • Ciąg dalszy tytułu (NP)
    • grudzień 1970 r. w Szczecinie / Find
    • c
    • Pozostałe elementy strefy tytułu i oznaczenia odpowiedzialności (NP)
    • Aleksander Strokowski ; IPN Szczecin.
250 -Strefa wydania [ , ]
    • a
    • Oznaczenie wydania (NP)
    • Wyd. 2 uzup. i popr.
260 -Strefa adresu wydawniczego [ , ]
    • a
    • Miejsce wydania (P)
    • Szczecin :
    • b
    • Nazwa wydawcy (P)
    • Instytut Pamięci Narodowej - Komisja Ścigania Zbrodni Przeciwko Narodowi Polskiemu. Oddział,
    • c
    • Data wydania (P)
    • 2009.
300 -Strefa opisu fizycznego [ , ]
    • a
    • Określenie formy książki i/lub objętość (NP)
    • 139, [1] s. ;
    • c
    • Format (NP)
    • 25 cm.
336 -Typ zawartości [ , ]
    • a
    • Termin opisujący typ zawartości
    • Tekst
    • b
    • Kod określający zawartość
    • txt
    • 2
    • Źródło (terminu i kodu)
    • rdacontent
337 -Typ mediów [ , ]
    • a
    • Tryb odtwarzania
    • Bez urządzenia pośredniczącego
    • b
    • Kod typu mediów
    • n
    • 2
    • Źródło (terminu i kodu)
    • rdamedia
338 -Typ/rodzaj nośnika [ , ]
    • a
    • Hasło opisujące typ nośnika
    • Wolumin
    • b
    • Kod typu nośnika
    • nc
    • 2
    • Źródło (terminu i kodu)
    • rdacarrier
504 -Uwaga dot. bibliogr. załącznikowej [ , ]
    • a
    • Uwaga dot. bibliografii załącznikowej
    • Wykaz źródeł s. 135-136.
080 -Uniwersalna Klasyfikacja Dziesiętna [ , ]
    • 2
    • Identyfikator wydania tablic
    • UDC-P058
    • 9
    • UKD
    • 7033
    • a
    • Symbol klasyfikacji
    • 94(438).083*
    • b
    • Dopowiedzenie
    • Historia Polski. Polska Ludowa 1944/1945-1989. PRL.
    • 4
    • UKD2
    • 8373
    • x
    • Poddział wspólny
    • (083.8)
    • c
    • Dopowiedzenie poddz. wspólnego
    • (Spisy. Wykazy. Indeksy).
080 -Uniwersalna Klasyfikacja Dziesiętna [ , ]
    • 2
    • Identyfikator wydania tablic
    • UDC-P058
    • 9
    • UKD
    • 2873
    • a
    • Symbol klasyfikacji
    • 323.22/.26
    • b
    • Dopowiedzenie
    • Krytyczne nastawienie ludności do państwa. Czynne sposoby walki. Bierny opór. Manifestacje. Bojkot polityczny. Bunty.
    • 4
    • UKD2
    • 7642
    • x
    • Poddział wspólny
    • (438)
    • c
    • Dopowiedzenie poddz. wspólnego
    • (Polska).
    • 4
    • UKD2
    • 15876
    • x
    • Poddział wspólny
    • "1970"
    • c
    • Dopowiedzenie poddz. wspólnego
    • Rok 1970
    • 4
    • UKD2
    • 8373
    • x
    • Poddział wspólny
    • (083.8)
    • c
    • Dopowiedzenie poddz. wspólnego
    • (Spisy. Wykazy. Indeksy).
080 -Uniwersalna Klasyfikacja Dziesiętna [ , ]
    • 2
    • Identyfikator wydania tablic
    • UDC-P058
    • 9
    • UKD
    • 2877
    • a
    • Symbol klasyfikacji
    • 323.282
    • b
    • Dopowiedzenie
    • Terror władzy państwowej.
    • 4
    • UKD2
    • 7642
    • x
    • Poddział wspólny
    • (438)
    • c
    • Dopowiedzenie poddz. wspólnego
    • (Polska).
    • 4
    • UKD2
    • 15876
    • x
    • Poddział wspólny
    • "1970"
    • c
    • Dopowiedzenie poddz. wspólnego
    • Rok 1970
    • 4
    • UKD2
    • 8373
    • x
    • Poddział wspólny
    • (083.8)
    • c
    • Dopowiedzenie poddz. wspólnego
    • (Spisy. Wykazy. Indeksy).
650 -Hasło przedmiotowe [ ,7]
    • a
    • Hasło przedmiotowe
    • Aresztowanie tymczasowe
    • z
    • Określnik geograficzny
    • Polska
    • z
    • Określnik geograficzny
    • Szczecin
    • y
    • Określnik chronologiczny
    • 1970-2000
    • v
    • Określnik formalny
    • spisy.
    • 2
    • Źródło terminu
    • kaba
    • 9
    • KHW
    • 366866
650 -Hasło przedmiotowe [ ,7]
    • a
    • Hasło przedmiotowe
    • Opór wobec władzy
    • z
    • Określnik geograficzny
    • Polska
    • z
    • Określnik geograficzny
    • Szczecin
    • y
    • Określnik chronologiczny
    • 1970-2000.
    • 2
    • Źródło terminu
    • kaba
    • 9
    • KHW
    • 364166
650 -Hasło przedmiotowe [ ,7]
    • a
    • Hasło przedmiotowe
    • Represje polityczne
    • z
    • Określnik geograficzny
    • Polska
    • z
    • Określnik geograficzny
    • Szczecin
    • y
    • Określnik chronologiczny
    • 1970-2000.
    • 2
    • Źródło terminu
    • kaba
    • 9
    • KHW
    • 366867
651 -Hasło przedmiotowe w formie nazwy geograficznej [ ,7]
    • a
    • Nazwa geograficzna
    • Polska
    • y
    • Określnik chronologiczny
    • 1970 (Wydarzenia grudniowe).
    • 2
    • Źródło terminu
    • kaba
    • 9
    • KHW
    • 124957
980 -Symbol UKD [ , ]
    • a
    • UKD
    • 94(438).083*:[323.22/.26:323.282](438)"1970"](083.8) Szczecin
920 -ISBN [ , ]
    • a
    • ISBN
    • 978-83-61336-52-5 Find
Numer inwentarzowy Status udost. Lokalizacja Data inwentaryzacji
Z.1146881BG2010-11-16